Fonologia espanola.

Saved in:
Bibliographic Details
Main Author: Alarcos Llorach, Emilio
Format: Book
Language:Spanish
Published: Madrid : Gredos, 1954.
Edition:2a ed.
Series:Biblioteca románica hispánica. Manuales ;
Subjects:
LEADER 00766nam a22002171 4500
001 c000201425
003 CARM
005 20021125001900.0
008 851113s1954 sp 0 spa d
019 1 |a 4120446  |5 LACONCORD2021 
035 |a (OCoLC)10304563  |5 LACONCORD2021 
100 2 |a Alarcos Llorach, Emilio. 
245 1 0 |a Fonologia espanola. 
250 |a 2a ed. 
260 |a Madrid :  |b Gredos,  |c 1954. 
440 0 |a Biblioteca románica hispánica.  |n III,  |p Manuales ; 
650 0 |a Spanish language  |x Phonetics. 
852 8 |b CARM  |h A2:AO01A0  |i B06573  |p 0303942  |f BK 
082 0 4 |a 461.5 
999 f f |i 60639b24-c94d-5205-9eb0-f48ebccd4dde  |s 9961916f-dc45-58c0-9556-173b52885526 
952 f f |p Can circulate  |a CAVAL  |b CAVAL  |c CAVAL  |d CARM 1 Store  |e B06573  |f A2:AO01A0  |h Other scheme  |i book  |m 0303942